|
|
|
|
| LEADER |
00000nam a22000007a 4500 |
| 005 |
20120807133743.0 |
| 007 |
cr|||| |||| |
| 008 |
120807s2011 pe |||||s|||| 00||0 spa d |
| 020 |
|
|
|a 978-9972-42-975-0
|
| 035 |
|
|
|a 6578
|
| 040 |
|
|
|a vLex
|
| 090 |
|
|
|c 3343
|d 3343
|
| 100 |
1 |
|
|a Blancas Bustamante, Carlos
|
| 245 |
1 |
3 |
|a La clùsula de Estado social en la Constitucin̤
|h [Recurso electrn̤ico] :
|b Anl̀isis de los Derechos Fundamentales laborales /
|c Carlos Blancas Bustamante
|
| 256 |
|
|
|a Servicio en ln̕ea
|
| 260 |
|
|
|a Lima :
|b Pontificia Universidad Catolica del Peru,
|c 2011
|
| 300 |
|
|
|a 1 recurso electrn̤ico
|
| 506 |
1 |
|
|a Contenido solo disponible en los productos indicados
|d vLex Global
|d vLex Global (Academic Edition, excluding Law Schools)
|d vLex Global (U.S. Academic Edition, Law Schools)
|d vLex Global (U.S. Academic Edition, excluding Law Schools)
|d vLex Global (Academic Edition, Law Schools)
|
| 650 |
0 |
4 |
|a estado del bien estar
|z Per︢
|
| 650 |
0 |
4 |
|a Derecho constitucional
|z Per︢
|
| 650 |
0 |
4 |
|a Derecho del trabajo
|
| 740 |
0 |
|
|a vLex Libros (Servicio en ln̕ea)
|
| 856 |
4 |
0 |
|u http://vlex.com/source/clausula-estado-social-constitucion-analisis-derechos-fundamentales-laborales-6578
|z Acceso restringido
|
| 942 |
|
|
|c BOOK
|
| 999 |
0 |
|
|a Welfare state
|
| 999 |
0 |
|
|a Labor laws and legislation
|
| 999 |
0 |
|
|a Constitutional law
|